00968pam 2200301 a 4500001000800000005001700008008004100025035002100066906004500087010001700132020001500149040001800164050002200182082001500204100002000219245007300239250002100312260004500333300004100378500003000419504003000449500002000479650003100499700001900530700002800549991006100577099002800638380688319861124000000.0860404r1986 nyua b 001 0 eng  9(DLC) 85041070 a7bcbccorignewd1eocipf19gy-gencatlg a 85041070  a0670804673 aDLCcDLCdDLC00aPE1075b.M58 198600a420/.92191 aMcCrum, Robert.14aThe story of English /cRobert McCrum, William Cran, Robert MacNeil. a1st American ed. aNew York, N.Y., U.S.A. :bViking,c1986. a384 p. :bill. (some col.) ;c26 cm. a"Elisabeth Sifton books." aBibliography: p. 353-368. aIncludes index. 0aEnglish languagexHistory.1 aCran, William.1 aMacNeil, Robert,d1931- bc-GenCollhPE1075i.M58 1986p00014939817tCopy 1wBOOKS amccrum-story-1072276292